000 00695nam a22002057a 4500
005 20251108172256.0
008 250721s1987 xx 000 0 ara d
082 1 4 _a913.563/باب
100 1 _aبابلون، ارنست
245 1 0 _aالآثار الشرقيه لحضارات كلديه و آشور و بابل و سوريه /
264 1 _aطرابلس ( لبنان ) :
_bدار حكمت شريف،
_c1987.
300 _a271ص
650 1 7 _aالجغرافيا
650 1 7 _aالآثار
650 1 7 _aالتاريخ القديم
700 1 _aالخوري، مارون عيسى
_eترجمة
700 1 _aيكن، منى حداد
_eفهرست
942 _2ddc
_cBK
999 _c74893
_d74893